Artilheiros históricos do Flamengo - Statistics

Estatísticas Gerais
  • Esse quiz foi jogado 146 vezes
  • A pontuação média é 7 de 18
Estatísticas das Respostas
Imagem Hint Resposta % Correto
Gols: 508 Zico
97%
Gols: 154 Gabigol
94%
Gols: 204 Romário
93%
Gols: 119 Pedro
84%
Gols: 151 Bebeto
77%
Gols:153 Leônidas
57%
Gols: 128 Adílio
45%
Gols: 264 Dida
43%
Gols: 135 Tita
30%
Gols: 148 Zizinho
28%
Gols: 204 Pirillo
11%
Gols: 216 Henrique Frade
10%
Gols: 154 Jarbas
7%
Gols: 142 Índio
6%
Gols: 117 Esquerdinha
3%
Gols: 123 Nonô
3%
Gols: 124 Durval
2%
Gols: 116 Joel
2%
Nenhum quiz correspondente encontrado
Distribuição das Pontuações
Porcentagem de Pessoas com Cada Pontuação
Percentil de Números Respondidos
Sua Pontuação Histórica
Você não jogou esse quiz